மெல்லுடலிகள் (Record no. 601307)

MARC details
000 -LEADER
fixed length control field 00417nam a2200121Ia 4500
008 - FIXED-LENGTH DATA ELEMENTS--GENERAL INFORMATION
fixed length control field 251206s9999 xx 000 0 und d
082 ## - DEWEY DECIMAL CLASSIFICATION NUMBER
Classification number 594
Item number ILA
100 ## - MAIN ENTRY--AUTHOR NAME
Personal name இளஞ்செழியன், த.
245 #0 - TITLE STATEMENT
Title மெல்லுடலிகள்
260 ## - PUBLICATION, DISTRIBUTION, ETC. (IMPRINT)
Place of publication சென்னை :
Name of publisher தமிழ்நாட்டுப் பாடநூல் நிறுவனம்
942 ## - ADDED ENTRY ELEMENTS (KOHA)
Koha item type Reference
Holdings
Withdrawn status Lost status Damaged status Not for loan Home library Current library Shelving location Date acquired Full call number Accession Number Price effective from Koha item type
        Anna Centenary Library Anna Centenary Library COMPETITIVE SECTION - SEVENTH FLOOR 06.12.2025 594 ILA G014893 06.12.2025 Reference

Find us on the map